Central Library OPAC University of Rajshahi

al-Fakhri : (Record no. 25217)

MARC details
000 -LEADER
fixed length control field 00895nam a22002532a 4500
001 - CONTROL NUMBER
control field 25217
003 - CONTROL NUMBER IDENTIFIER
rucl marc code BD-RjUL
005 - DATE AND TIME OF LATEST TRANSACTION
control field 20211209050840.0
008 - FIXED-LENGTH DATA ELEMENTS--GENERAL INFORMATION
fixed length control field 140316s1947 enk 000 0 eng d
035 ## - SYSTEM CONTROL NUMBER
System control number (BD-RjUL)25286
-- OCLC ocm02496762 from D951113M
040 ## - CATALOGING SOURCE
Original cataloging agency DLC
Transcribing agency IBS
Modifying agency EQO
-- BD-RjUL
Language of cataloging eng
041 1# - LANGUAGE CODE
Language code of text/sound track or separate title engfre
082 04 - DEWEY DECIMAL CLASSIFICATION NUMBER
Edition number 23
Classification number 297.61
Author mark and year ALF 1947
245 03 - TITLE STATEMENT
Title al-Fakhri :
Remainder of title on the systems of government and the Moslem dynasties, composed by Muhammad son of 'Ali son of Tabataba, known as the rapid talker, may God have mercy on him. /
Statement of responsibility, etc. Tr. by C. É. J. Whitting
260 ## - PUBLICATION, DISTRIBUTION, ETC. (IMPRINT)
Place of publication, distribution, etc. London :
Name of publisher, distributor, etc. Luzac,
Date of publication, distribution, etc. 1947.
300 ## - PHYSICAL DESCRIPTION
Pagination vii, 326 p. ;
Size 22 cm.
650 #0 - SUBJECT ADDED ENTRY--TOPICAL TERM
Topical term or geographic name as entry element Caliphate
9 (RLIN) 77563
Topical term or geographic name as entry element Political science
9 (RLIN) 77564
651 #0 - SUBJECT ADDED ENTRY--GEOGRAPHIC NAME
Geographic name Islamic countries
9 (RLIN) 77565
Geographic name Baghdad (Iraq)
General subdivision History
9 (RLIN) 77566
700 ## - ADDED ENTRY--PERSONAL NAME
Personal name Whitting, C. E. J.
942 ## - ADDED ENTRY ELEMENTS (KOHA)
Source of classification or shelving scheme Dewey Decimal Classification
Koha item type Books
Holdings
Lost status Source of classification or shelving scheme Damaged status Not for loan Collection code Permanent Location Current Location Shelving location Date acquired Source of acquisition Cost, normal purchase price Total Checkouts Full call number Date last seen Copy number Koha item type
  Dewey Decimal Classification   Added to bundle Non-fiction Central Library, University of Rajshahi Central Library, University of Rajshahi Reading Room 19/02/1957 Pak-United. 15.00   297.61 ALF 1947 16/03/2014 C-1 Books
  Dewey Decimal Classification     Non-fiction Central Library, University of Rajshahi Central Library, University of Rajshahi   19/11/1966 A. I. Quraishi 14.40   297.61 ALF 1947 16/03/2014 C-2 Books
  Dewey Decimal Classification     Non-fiction Central Library, University of Rajshahi Central Library, University of Rajshahi   16/09/1968 Zeitlinger. 105.00   297.61 ALF 1947 16/03/2014 C-4 Books
  Dewey Decimal Classification     Non-fiction Central Library, University of Rajshahi Central Library, University of Rajshahi   20/11/1956 luzac and co 15.00   297.61 ALF 1947 23/11/2016 C-3 Books